000 01100cam a2200301 4500
008 090401t1992 xxu||||| |||| 00| 0 eng d
020 _a0117525685
035 _a(Sirsi) u57084
041 _aeng
050 _a306.11
110 _aUnited Kingdom
_bDepartment of the Environment
_9982
245 _aValue for money in new-build housing: study of a sample of local authority and housing association projects: a report to the Department of the Environment by Capita Management Consultancy Ltd.
260 _aLondon
_bHMSO
_c1992
300 _aviii,116p. ; 30cm.
350 _a21
520 _aExamines building costs, tenant satisfaction, physical quality, housing management and market values in fifty schemes in six DoE regions.
650 _aBUILT ENVIRONMENT-BUILDING COSTS
650 _aCOUNCIL HOUSING
650 _aHOUSE BUILDING
650 _aHOUSING ASSOCIATIONS
650 _aLOCAL AUTHORITIES
650 _aSOCIAL HOUSING
650 _aVALUE FOR MONEY
690 _aHOUSING
710 _aCapita Management Consultancy Ltd.
_92083
942 _n0
948 _c04/03/1997
999 _c93880
_d93880